| 000 | 01209nam a2200229Ia 4500 | ||
|---|---|---|---|
| 999 |
_c37683 _d37683 |
||
| 001 | 3656 | ||
| 003 | GE_BSU | ||
| 005 | 20190626142717.0 | ||
| 008 | 181216s2012||||ge |||||||||||||| ||geo|| | ||
| 020 | _a9489941174292 | ||
| 040 | _cGE_BSU | ||
| 041 | _ageo | ||
| 080 | _a342.9479.22) მ–54 | ||
| 100 |
_aმელქაძე, ოთარ _9790 |
||
| 245 |
_aქართული მუნიციპალიზმი: _bსახელმძღვ. იურიდ. სპეც. სტუდ.; ნაწ. 2 / _cოთარ მელქაძე ; მსოფლიო პარლამენტარიზმის კვლევითი ცენტრი. |
||
| 264 |
_aთბილისი : _bუნივერსალი, _c2012. |
||
| 300 |
_a95 გვ. ; _b20 სმ. |
||
| 490 | _aპოლიტიკურ-სამართლებრივი ლიტერატურის სერია ; წ. 30 | ||
| 653 | _a საქართველოს მუნიციპალური სამართალი | ||
| 710 |
_aმსოფლიო პარლამენტარიზმის კვლევითი ცენტრი _92952 |
||
| 942 |
_cBK _2udc |
||